Šlechtení salátu na rezistenci k chorobám

Podrobná bibliografia
Hlavní autori: Lebeda, Aleš, 1951- (Autor), Zavadil, Karel (Autor)
Médium: Článok
Jazyk:čeština
Fyzický popis:Obr. 3.
Predmet:

MARC

LEADER 00000nab a2200000 a 4500
001 vtls000170721
003 SK-MaSNL
005 20260303073115.0
008 111104c1984 xo 0 cze
015 |a SNBRB19rr/mm-uuuuu 
035 |a CL0180832 
040 |a SNKBUCL  |b slo  |c SNKBUCL  |e AACR2 
041 0 |a cze 
044 |a xo  |c SK 
080 |a 635.52:631.52  |2 1981 
080 |a 631.52  |2 1981 
100 1 |a Lebeda, Aleš,  |d 1951-  |4 aut  |9 5144 
245 1 0 |a Šlechtení salátu na rezistenci k chorobám  |c Aleš Lebeda, Karel Zavadil 
300 |b Obr. 3. 
650 0 7 |a šalát  |2 snkbucl  |9 964 
650 0 7 |a šľachtenie  |2 snkbucl  |9 298371 
655 7 |a články z novín a časopisov  |2 snkbucl  |9 267496 
700 1 |a Zavadil, Karel  |4 aut  |9 943010 
773 0 |t Záhradníctvo  |g Roč. 9, č. 1 (1984), s. 20-22 
850 |a Slovenská národná knižnica v Martine  |a MTA001 
852 |a SNK  |b KIS3GCP 
958 |a RK 
992 |a RBX 
999 |c 1766439  |d 1768369